| 000 | 00375nam a22001457a 4500 | ||
|---|---|---|---|
| 020 | _a9788176222785 | ||
| 082 |
_a630.25150954 _bKHA/CL |
||
| 245 | _aClimate Change Effects on Agriculture and Economy | ||
| 260 |
_aNew Delhi _bBiotech Books _c2013 |
||
| 300 | _a355 | ||
| 700 |
_aKhanna,D.R. _9338 |
||
| 700 |
_aChopra,A.K. _91048 |
||
| 700 |
_aVikas Singh _91049 |
||
| 942 | _cBK | ||
| 999 |
_c14600 _d14600 |
||